| 000 | 00407nam a22001577a 4500 | ||
|---|---|---|---|
| 999 |
_c258038 _d258037 |
||
| 003 | OSt | ||
| 005 | 20200122111525.0 | ||
| 008 | 200122b xxu||||| |||| 00| 0 eng d | ||
| 020 | _a9780323036641 | ||
| 040 | _cN/A | ||
| 100 | _aBetty J. Ackley & Gail Ladwig | ||
| 245 |
_aNursing Diagnosis Handbook _b:A guide to planning care |
||
| 250 | _a7th ed | ||
| 260 |
_aU.S.A _bMosby Inc _c2006 |
||
| 942 |
_2lcc _cBK |
||